00956nam a22002657a 45000010005000000030006000050050017000110080041000280200015000690400029000840500008001130820008001211000028001292450048001572600037002053000064002425050008003065200159003145210030004735210020005036500021005239420015005449990015005599520116005743762FISKH20240430144158.0240430b cb ||||| |||| 00| 0 eng d a0871131277 aFISKHbengcFISKHdFISKH aPZ7 aFic aWabbes, Marie eauthor  aGood night, little rabbit / cMarie Wabbes  aLondon : bWalker Books , c1987 a17​ unnumbered pages : bcolor illustrations ; c18 cm .  aF  aLittle Rabbit prepares for his bedtime by taking a bath, having a carrot treat, putting on his pajamas, brushing his teeth, and locating his favorite toy.8 a300 bLexile estimate 8 aF bRaz-Plus  aRabbit vFiction 2ddccBKn0 c3762d3762 00102ddc40708JUVFa001b001cTTPd2024-04-30l0oWAB PZ7 pFISBK057045r2024-04-30 14:23:51w2024-04-30yBK